000 00670cam a22002293a 4500
001 21414
003 PGUSA
005 20140828083445.0
008 070511s2007||||xxu|||||s|||||000 | eng d
040 _aPGUSA
_beng
042 _adc
050 4 _aSB
100 1 _aKains, M. G.
_q(Maurice Grenville),
_d1868-1946
245 1 0 _aCulinary Herbs :
_bTheir Cultivation Harvesting Curing and Uses
_h[electronic resource] /
_cM. G. Kains
260 _bProject Gutenberg,
_c2007
506 _aPublic domain in the USA.
516 _aElectronic text
653 _aHerbs
830 0 _aProject Gutenberg
_v21414
856 4 0 _uhttp://www.gutenberg.org/ebooks/21414
942 _cEB
999 _c250669
_d250669